000 00551cam a2200217 a 4500
001 502414
005 20180215070606.0
008 850716s1985 enka b 001 0 eng
010 _a 85127708
020 _a0566025302
040 _aDLC
_cDLC
_dDLC
041 _aeng
080 _a658.403 ADA
082 0 0 _a658.403 ADA
_219
100 1 _a54
101 _aMEN
245 1 0 _aManagement decision making /
_cJohn Adair.
504 _aIncludes bibliographies and index.
906 _a7
_bcbc
_corignew
_d3
_encip
_f19
_gy-gencatlg
942 _2ddc
_cBK
999 _c42654
_d42654